[Event "Gibraltar Masters"]
[Site "Caleta ENG"]
[Date "2005.01.25"]
[Round "1"]
[White "Hamdouchi,H"]
[Black "Hassan,Ab"]
[Result "1-0"]
[WhiteElo "2555"]
[BlackElo "2357"]

1.e4 e6 2.d4 d5 3.Nd2 Be7 4.e5 c5 5.Qg4 Kf8 6.dxc5 Nc6 7.Ngf3 h5 8.Qg3 h4
9.Qf4 g5 10.Qe3 Nh6 11.Bd3 Ng4 12.Qe2 Qc7 13.Nb3 Ncxe5 14.Nxg5 f6 15.h3 Nxd3+
16.cxd3 Ne5 17.d4 fxg5 18.dxe5 b6 19.cxb6 Qxb6 20.O-O Ba6 21.Qf3+ Kg7 22.Be3 Qb4
23.Bc5 Qb7 24.Rfc1 Rhf8 25.Qg4 Bc4 26.Na5 Qc7 27.Bxe7 Qxe7 28.Nc6 Qf7 29.Qxg5+ Qg6
30.Qxh4 Rh8 31.Qe7+ Qf7 32.Qg5+ Qg6 33.Qxg6+ Kxg6 34.b3 Bd3 35.Rc3 Be4 36.Nd4 Rac8
37.Rac1  1-0

[Event "Gibraltar Masters"]
[Site "Caleta ENG"]
[Date "2005.01.25"]
[Round "1"]
[White "Coimbra,M"]
[Black "Johannesson,I"]
[Result "1/2-1/2"]
[WhiteElo "2081"]
[BlackElo "2315"]

1.e4 e6 2.d4 d5 3.Nd2 Be7 4.Ngf3 Nf6 5.e5 Nfd7 6.Bd3 c5 7.c3 Nc6 8.O-O a5
9.a4 g5 10.Bb5 g4 11.Ne1 cxd4 12.Nd3 dxc3 13.bxc3 h5 14.Nb3 Na7 15.Nd4 Nxb5
16.Nxb5 Nb6 17.Ba3 Bxa3 18.Rxa3 Nc4 19.Rb3 Bd7 20.Qe2 Bxb5 21.Rxb5 Qc7 22.Re1 Ra6
23.Nb2 Rc6 24.Nxc4 Rxc4 25.Qb2 O-O 26.Rxb7 Qd8 27.Qd2 Kg7  1/2-1/2

[Event "Zimski Winter Open"]
[Site "Belgrade SCG"]
[Date "2005.01.26"]
[Round "4"]
[White "Cerovic,D"]
[Black "Brakus,D"]
[Result "1-0"]
[WhiteElo "2149"]
[BlackElo "2059"]

1.e4 e6 2.d4 d5 3.Nd2 Nc6 4.Ngf3 Nf6 5.e5 Nd7 6.Bb5 Be7 7.O-O O-O 8.Nb3 Rb8
9.Qe2 a6 10.Bxc6 bxc6 11.c4 dxc4 12.Na5 Nb6 13.Nxc6 Qe8 14.Nxb8 Bb7 15.b3 Qxb8
16.bxc4 Qa8 17.Be3 a5 18.Rac1 a4 19.Rfd1 h6 20.d5 exd5 21.cxd5 Nxd5 22.Ne1 Re8
23.e6 fxe6 24.Qg4 Nxe3 25.fxe3 Bd6 26.Rxd6  1-0

[Event "Gibraltar Masters"]
[Site "Caleta ENG"]
[Date "2005.01.28"]
[Round "4"]
[White "Erenburg,S"]
[Black "Rendle,T"]
[Result "1-0"]
[WhiteElo "2551"]
[BlackElo "2370"]

1.e4 e6 2.d4 d5 3.Nd2 Be7 4.Ngf3 Nf6 5.e5 Nfd7 6.c3 c5 7.Be2 Nc6 8.O-O a5
9.a4 O-O 10.Nb3 cxd4 11.cxd4 f6 12.exf6 Nxf6 13.Bg5 Qb6 14.Bh4 Bb4 15.Bd3 Bd7
16.Ne5 Be8 17.Nxc6 Qxc6 18.Qb1 h6 19.Rc1 Qb6 20.Bg3 Bh5 21.Bc7 Qa7 22.Nc5 Bf7
23.Bg6 Bxc5 24.dxc5 Bxg6 25.Qxg6 Rf7 26.Be5 Qa6 27.Rc2 Rd8 28.Ra3 Nd7 29.Bd6 Nf8
30.Qg4 Qc6 31.Rac3 Nh7 32.Be5 Nf6 33.Qd4 Ne4 34.Rb3 Rc8 35.h3 Qd7 36.Rb6 Rc6
37.f3 Ng5 38.h4 Nh7 39.Rc3 Nf8 40.h5 Qc8 41.Rb5 Nd7 42.Bd6 Qa8 43.Re3 Nf8
44.Qg4 Qa7 45.Rbb3 Qa6 46.Qd4 Qa7 47.Rb6 Rxb6 48.cxb6 Qa8 49.Bxf8 Qxf8 50.Rxe6 Rf5
51.Qe3 Qb4 52.Re8+ Rf8 53.Qe6+ Kh8 54.Rxf8+ Qxf8 55.Qxd5 Qb4 56.Qd8+ Kh7
57.Qd3+ Kh8 58.Qe3 Qxa4 59.Qe5 Qc6 60.Qxa5 Qe8 61.Kf1 Qd8 62.Qb4 Qe8 63.Qc5 Qd8
64.Ke2 Qe8+ 65.Kf2 Qd8 66.g4 Qd2+ 67.Kg3 Qe1+ 68.Kg2 Qe2+ 69.Qf2 Qe5 70.b4 Qe8
71.Qd4 Qe2+ 72.Kg3 Qe1+ 73.Kf4 Qe7 74.Qc5 Qd8 75.Kg3 Qe8 76.Qd6 Qe1+ 77.Kf4 Qc1+
78.Kf5 Qc2+ 79.Ke6 Qe2+ 80.Kd7 Qxf3 81.Qe6 Qa3 82.Qe4 Qb3 83.Kc8 Qf7 84.b5 Qg8+
85.Kxb7 Qf7+ 86.Kc6 Qf6+ 87.Kd7 Qf7+ 88.Qe7 Qd5+ 89.Kc7 Qc4+ 90.Kb8 Qf4+
91.Qc7  1-0

[Event "IMA1"]
[Site "Marianske Lazne CZE"]
[Date "2005.01.28"]
[Round "7"]
[White "Petr,Ma"]
[Black "Vavra,P1"]
[Result "1-0"]
[WhiteElo "2266"]
[BlackElo "2390"]

1.e4 e6 2.d4 d5 3.Nd2 Be7 4.Ngf3 Nf6 5.Bd3 c5 6.e5 Nfd7 7.c3 b6 8.Nf1 Nc6
9.a3 Bb7 10.Ng3 g5 11.Nh5 cxd4 12.cxd4 g4 13.Bh6 Nf8 14.Nd2 Rg8 15.Bg7 Nxd4
16.Qa4+ Nc6 17.Bb5 Qc7 18.Rc1 Kd7 19.O-O a6 20.Bxc6+ Bxc6 21.Qxg4 Qxe5 22.Nf3 Qd6
23.Qd4 Ng6 24.Be5 Nxe5 25.Nxe5+ Ke8 26.Rxc6 Qd8 27.Qf4 f6 28.Nxf6+  1-0

[Event "13th Fajr Open"]
[Site "Tehran IRI"]
[Date "2005.01.28"]
[Round "2"]
[White "Toufighi,H"]
[Black "Agamaliev,G"]
[Result "1/2-1/2"]
[WhiteElo "2177"]
[BlackElo "2516"]

1.e4 e6 2.d4 d5 3.Nd2 Nc6 4.c3 e5 5.dxe5 Nxe5 6.Ngf3 Qe7 7.Be2 Nf6 8.Nxe5 Qxe5
9.exd5 Bg4 10.Nc4 Qxe2+ 11.Qxe2+ Bxe2 12.Kxe2 Nxd5 13.Re1 O-O-O 14.Kf1 f6
15.Be3 h5 16.h4 g5 17.hxg5 Nxe3+ 18.Rxe3 fxg5 19.Rae1 g4 20.Re8 Rh7 21.R1e4 a6
22.Ke2 Kd7 23.R8e5 b5 24.Rd5+ Kc8 25.Rxd8+ Kxd8 26.Ne3 Kd7 27.c4 c6 28.b3 Bc5
29.Nf5 Rf7 30.Re5 Ba7 31.Ne3 Rh7 32.Rg5 Kd6 33.Rg6+ Kc5 34.a3 bxc4 35.Nxc4 Kd4
36.Rxc6 Kc3 37.Nd2+ Kb2 38.f3 gxf3+ 39.Kxf3 Rf7+ 40.Kg3 Bf2+ 41.Kh3  1/2-1/2

[Event "Gibraltar Masters"]
[Site "Caleta ENG"]
[Date "2005.01.29"]
[Round "5"]
[White "Ofstad,P"]
[Black "Kristjansson,St"]
[Result "0-1"]
[WhiteElo "2202"]
[BlackElo "2438"]

1.e4 e6 2.d4 d5 3.Nd2 Be7 4.c3 c5 5.Bb5+ Bd7 6.Bxd7+ Qxd7 7.Ne2 Nc6 8.exd5 Qxd5
9.Nf3 Nf6 10.O-O O-O 11.Bg5 Rfd8 12.Qc1 Rac8 13.h3 b5 14.Qe3 Qf5 15.Bxf6 Bxf6
16.Rad1 Qd5 17.b3 cxd4 18.cxd4 Nb4 19.Rd2 Qb7 20.Rc1 Rxc1+ 21.Nxc1 Qc7 22.Ne2 Rc8
23.g3 Nd5 24.Qe4 Be7 25.Kg2 Bb4 26.Rd1 Qc2 27.Rd3 h6 28.Ne5 Bd6 29.a3 Bxa3
30.Qf3 Rc7 31.Nf4 Nxf4+ 32.Qxf4 Bd6 33.Qf3 a5 34.Re3 a4 35.bxa4 bxa4 36.d5 Qf5
37.dxe6 Qxf3+ 38.Nxf3 a3 39.Nd2 a2 40.Nb3 Rb7 41.Na1 Ra7 42.Nc2 Be7  0-1

[Event "Open"]
[Site "Geneva SUI"]
[Date "2005.01.30"]
[Round "9"]
[White "Palac,M"]
[Black "Peric,Sl"]
[Result "1-0"]
[WhiteElo "2575"]
[BlackElo "2230"]

1.e4 e6 2.d4 d5 3.Nd2 Be7 4.Ngf3 c5 5.exd5 exd5 6.Bb5+ Bd7 7.Bxd7+ Nxd7 8.O-O Ngf6
9.dxc5 Nxc5 10.Nb3 Nce4 11.Nfd4 O-O 12.Nf5 Re8 13.Be3 Bf8 14.Bd4 g6 15.Ne3 Bg7
16.c3 Qc7 17.f3 Nd6 18.Bxf6 Rxe3 19.Bxg7  1-0

[Event "Oceania zt"]
[Site "Auckland NZL"]
[Date "2005.01.31"]
[Round "2"]
[White "Spain,G"]
[Black "Humphrey,J"]
[Result "1/2-1/2"]
[WhiteElo "2192"]
[BlackElo "2150"]

1.e4 e6 2.d4 d5 3.Nd2 Be7 4.e5 c5 5.Qg4 g6 6.dxc5 Nd7 7.Bb5 Bxc5 8.Nb3 Bf8
9.Nf3 a6 10.Bxd7+ Bxd7 11.Bg5 Qc7 12.O-O-O h6 13.Qh4 Bg7 14.Bf6 Nxf6 15.exf6 Bf8
16.Rhe1 O-O-O 17.Ne5 Be8 18.Qd4 Bd6 19.f4 Bxe5 20.fxe5 Kb8 21.Qe3 Rc8 22.Nd4 Bb5
23.Kb1 Qa5 24.Nxb5  1/2-1/2

[Event "ch-CZE"]
[Site "Prague CZE"]
[Date "2005.02.05"]
[Round "5"]
[White "Jansa,Vl"]
[Black "Cifka,S"]
[Result "1-0"]
[WhiteElo "2515"]
[BlackElo "2292"]

1.e4 e6 2.d4 d5 3.Nd2 Be7 4.Bd3 c5 5.dxc5 Nf6 6.Qe2 O-O 7.Ngf3 a5 8.h4 h6
9.e5 Nfd7 10.Nb3 a4 11.Nbd4 Nxc5 12.Rh3 Nc6 13.Bf4 a3 14.b3 Nb4 15.Qe3 f5
16.exf6 Bxf6 17.Ne5 Nbxd3+ 18.cxd3 Nd7 19.Ndf3 Nxe5 20.Bxe5 Bd7 21.Rg3 Kh7
22.Rc1 Rc8 23.Rxc8 Qxc8 24.Kd2 Qd8 25.Qd4 Qe7 26.Rg4 Be8 27.Bxf6 gxf6 28.Qb4 Qf7
29.Qxa3 e5 30.h5 Bd7 31.Rg6 e4 32.Nd4 Rg8 33.Rxg8 Kxg8 34.Qa8+ Be8 35.Qd8 exd3
36.g4 Kh7 37.f3 Bd7 38.Kxd3 f5 39.g5 hxg5 40.Qxg5 b6 41.a4 Qg7 42.Qxg7+ Kxg7
43.Ke3 Kh6 44.Kf4 Kxh5 45.Nxf5 Kg6 46.Ne7+  1-0

[Event "FSIMB February"]
[Site "Budapest HUN"]
[Date "2005.02.06"]
[Round "2"]
[White "Schneider,Ve"]
[Black "Johannesson,I"]
[Result "1/2-1/2"]
[WhiteElo "2266"]
[BlackElo "2315"]

1.e4 e6 2.d4 d5 3.Nd2 Be7 4.Bd3 c5 5.dxc5 Nf6 6.Qe2 O-O 7.Ngf3 a5 8.O-O Na6
9.e5 Nd7 10.c3 Naxc5 11.Bc2 f6 12.Rb1 fxe5 13.Nxe5 Nxe5 14.Qxe5 Bf6 15.Qe3 Qd6
16.b4 Nd7  1/2-1/2

[Event "Mayor de Chile"]
[Site "Santiago CHI"]
[Date "2005.02.14"]
[Round "1"]
[White "Pereira,Fa"]
[Black "Avalos,J"]
[Result "0-1"]
[WhiteElo "2065"]
[BlackElo "2252"]

1.e4 e6 2.d4 d5 3.Nd2 Be7 4.Bd3 Nf6 5.e5 Nfd7 6.f4 c5 7.c3 Nc6 8.Ngf3 Qb6
9.O-O cxd4 10.cxd4 Nxd4 11.Kh1 Nc6 12.Nb3 a5 13.Qe2 a4 14.Be3 Qc7 15.Nbd4 Nc5
16.Nb5 Qd8 17.Bxc5 Bxc5 18.Rac1 Be7 19.Rfd1 O-O 20.g4 f6 21.Qc2 f5 22.a3 Qb6
23.gxf5 exf5 24.Rg1 Qe3 25.Qg2 g6 26.Bb1 Qxf4 27.Nc7 Ra5 28.Ba2 Rd8 29.Rgd1 Kg7
30.Nxd5 Raxd5 31.Bxd5 Rxd5 32.Re1 Be6 33.Rc2 Rd3  0-1

[Event "21st Open"]
[Site "Cappelle la Grande FRA"]
[Date "2005.02.15"]
[Round "5"]
[White "Oleksienko,M"]
[Black "Mira,H"]
[Result "1-0"]
[WhiteElo "2469"]
[BlackElo "2184"]

1.e4 e6 2.d4 d5 3.Nd2 Be7 4.Ngf3 Nf6 5.e5 Ne4 6.Bd3 Nxd2 7.Bxd2 c5 8.dxc5 Bxc5
9.O-O Nc6 10.Qe2 Bd7 11.c3 Rc8 12.b4 Be7 13.a4 a6 14.h4 h6 15.h5 Qc7 16.Rfe1 Qb8
17.Nd4 Nxd4 18.cxd4 b5 19.Qg4 Kf8 20.Re3 f5 21.exf6 Bxf6 22.axb5 axb5 23.Bg6 Qb6
24.Re5 Ke7 25.Bf5 Rhf8 26.Bxe6 Bxe5 27.Bxd7 Rc7 28.Re1 Kd8 29.Rxe5 Rxd7 30.Re6 Qa7
31.Bf4 Qa1+ 32.Kh2 Qb1 33.Qh4+ Kc8 34.Rb6 Rdf7 35.Qh3+ Kd8 36.Rd6+ Kc7 37.Rd7+  1-0

[Event "Jersey Open"]
[Site "Jersey JCI"]
[Date "2005.02.16"]
[Round "4"]
[White "Hawes,J"]
[Black "Fraser,M"]
[Result "1/2-1/2"]
[WhiteElo "2155"]
[BlackElo "2168"]

1.d4 e6 2.e4 d5 3.Nd2 Be7 4.Bd3 c5 5.dxc5 Nf6 6.Qe2 a5 7.Ngf3 Na6 8.e5 Nd7
9.Nb3 Ndxc5 10.Nxc5 Nxc5 11.Be3 Nxd3+ 12.cxd3 Bd7 13.O-O O-O 14.Rac1 a4 15.Bc5 Rc8
16.Bxe7 Qxe7 17.Qd2 Bb5 18.Nd4  1/2-1/2

[Event "Jersey Open"]
[Site "Jersey JCI"]
[Date "2005.02.18"]
[Round "6"]
[White "Howell,D"]
[Black "Fraser,M"]
[Result "1-0"]
[WhiteElo "2348"]
[BlackElo "2168"]

1.e4 e6 2.d4 d5 3.Nd2 Be7 4.e5 c5 5.Qg4 g6 6.dxc5 Nc6 7.Ngf3 Nh6 8.Qf4 g5
9.Qg3 Nf5 10.Qh3 h5 11.g4 Ng7 12.Bb5 f5 13.Nd4 Qc7 14.gxf5 Nxf5 15.Bxc6+ bxc6
16.Nxf5 exf5 17.Qc3 d4 18.Qxd4 Be6 19.Qc3 O-O-O 20.Nb3 Rd5 21.Be3 Rhd8 22.Bd4 Rxd4
23.Nxd4 Bd5 24.Nxf5 Bxh1 25.Nd6+ Bxd6 26.cxd6 Qf7 27.O-O-O Qxa2 28.b3 Be4
29.Rd4 Qxc2+ 30.Qxc2 Bxc2 31.e6 Bf5 32.d7+ Kc7 33.e7 Bxd7 34.exd8=Q+ Kxd8
35.h4 gxh4 36.Rxh4 Bg4 37.Kd2 a5 38.Ke3 Bd1 39.Rd4+  1-0

[Event "71st ch-BRA"]
[Site "Sao Paulo BRA"]
[Date "2005.02.18"]
[Round "7"]
[White "Bil,A"]
[Black "Name,G"]
[Result "0-1"]
[WhiteElo "2135"]
[BlackElo "2198"]

1.e4 e6 2.d4 d5 3.Nd2 Be7 4.Ngf3 Nf6 5.e5 Nfd7 6.Bd3 c5 7.c3 Nc6 8.O-O Qb6
9.dxc5 Nxc5 10.Nb3 Nxd3 11.Qxd3 a5 12.Be3 Qc7 13.Bf4 a4 14.Nbd4 Nxd4 15.cxd4 h6
16.Rfc1 Qb6 17.Rc2 Bd7 18.Qd1 Bc6 19.Be3 Kd7 20.Ne1 Qa6 21.Qg4 Rhg8 22.Rac1 f5
23.Qg6 Raf8 24.g3 Qa8 25.Nd3 Qe8 26.Nf4 Bd8 27.Bd2 Qxg6 28.Nxg6 Re8 29.Bb4 Bb6
30.Bc5 Bxc5 31.Rxc5 Rc8 32.h4 Rgd8 33.Kg2 Ra8 34.a3 Ra6 35.R5c3 Rb6 36.R1c2 Ra8
37.Nf4 Rb3 38.Rxb3 axb3 39.Rd2 Ra4 40.Rd3 Rc4 41.Rd2 Bb5 42.Nd3 b6 43.Ne1 Rc1
44.Nd3 Rb1 45.Nf4 g5 46.hxg5 hxg5 47.Ne2 Bc4 48.Nc3 Rc1 49.f3 Rc2 50.Rf2 g4
51.fxg4 fxg4 52.Nd1 Bd3 53.Ne3 Rc1 54.Nxg4 Re1 55.Rd2 Bc2 56.Nf2 Rb1 57.Nd3 Bxd3
58.Rxd3 Rxb2+ 59.Kf3 Rb1 60.Kg4 Kc6 61.a4 b5 62.a5 b4 63.Kg5 Kb5 64.Kf6 Rf1+
65.Kxe6 b2 66.Rb3 b1=Q 67.Rxb1 Rxb1 68.Kxd5 b3  0-1

[Event "GM"]
[Site "Nancy FRA"]
[Date "2005.02.19"]
[Round "8"]
[White "Nijboer,F"]
[Black "Rocha,S"]
[Result "1-0"]
[WhiteElo "2549"]
[BlackElo "2400"]

1.e4 e6 2.d4 d5 3.Nd2 Be7 4.e5 b6 5.c3 Qd7 6.Nh3 Ba6 7.Bxa6 Nxa6 8.Qe2 Nb8
9.O-O h5 10.b4 Nc6 11.Nb3 a5 12.b5 Na7 13.a4 g6 14.Rb1 Nh6 15.Bxh6 Rxh6 16.Qf3 c6
17.c4 dxc4 18.Nxa5 bxa5 19.b6 Kf8 20.bxa7 Kg7 21.Rfc1 Qxd4 22.Rb7 Rxa7 23.Ng5 Qd2
24.Qxf7+  1-0

[Event "Millennium Open"]
[Site "Virginia Beach USA"]
[Date "2005.02.26"]
[Round "3"]
[White "Mahesh Chandran,P"]
[Black "Ibragimov,I"]
[Result "1/2-1/2"]
[WhiteElo "2472"]
[BlackElo "2603"]

1.e4 e6 2.d4 d5 3.Nd2 a6 4.Ngf3 c5 5.exd5 exd5 6.Be2 c4 7.a4 Bd6 8.O-O Ne7
9.b3 cxb3 10.c4 Nbc6 11.cxd5 Nxd5 12.Bc4 Be6 13.Bxb3 Be7 14.Ne4 Bg4 15.Bb2 O-O
16.h3 Bh5 17.Ng3 Bg6 18.Kh2 Qa5 19.Nd2 Rfd8 20.Nc4 Qc7 21.Qf3 Qf4 22.Qxf4 Nxf4
23.Nb6 Rab8 24.d5 Nb4 25.Rad1 Nbd3 26.Bd4 Bd6 27.Bc4 Re8 28.Rd2 Bb4 29.Rfd1 Bxd2
30.Rxd2 Rbd8 31.Be3 Re5 32.d6 h6 33.d7 Bh7 34.Nf1 Rh5 35.Bxd3 Nxd3 36.Rc2 Kf8
37.Rc7 Re5 38.Nd2 Bf5 39.g4  1/2-1/2

[Event "Mimoza Open"]
[Site "Herceg Novi SCG"]
[Date "2005.03.01"]
[Round "7"]
[White "Vajda,L"]
[Black "Todorovic,J"]
[Result "1-0"]
[WhiteElo "2542"]
[BlackElo "2387"]

1.e4 e6 2.d4 d5 3.Nd2 Nc6 4.Ngf3 Nf6 5.e5 Nd7 6.c3 f6 7.Bb5 fxe5 8.dxe5 a6
9.Bxc6 bxc6 10.Nb3 Be7 11.Na5 Nb8 12.h4 O-O 13.Ng5 h6 14.Qd3 hxg5 15.hxg5 Kf7
16.Qh7 Ke8 17.Qxg7 Kd7 18.g6 Rg8 19.Qh7 c5 20.Bg5 Re8 21.Bxe7  1-0

[Event "TCh-BEL 2004-5"]
[Site "Belgium BEL"]
[Date "2005.03.06"]
[Round "10"]
[White "Jens,J"]
[Black "Wemmers,X"]
[Result "1/2-1/2"]
[WhiteElo "2357"]
[BlackElo "2366"]

1.e4 e6 2.d4 d5 3.Nd2 Be7 4.Bd3 c5 5.dxc5 a5 6.Ngf3 Nf6 7.O-O Na6 8.exd5 Qxd5
9.Bc4 Qxc5 10.Qe2 O-O 11.Ne5 Nd7 12.Ndf3 Nxe5 13.Nxe5 Nb4 14.c3 Nd5 15.Rd1 Bd6
16.Nf3 Bd7 17.Bxd5 exd5 18.Qd3 Be6 19.Be3 Qc7 20.Bd4 f6 21.h3 Rfe8 22.Re1 Qf7
23.Re2 Bd7 24.Rae1 Rxe2 25.Rxe2 Qg6 26.Qxg6 hxg6 27.Be3 Kf7 28.Rd2 Bc6 29.Nd4 Re8
30.Rd1  1/2-1/2

[Event "Acropolis Women's GM Open"]
[Site "Athens GRE"]
[Date "2005.03.11"]
[Round "6"]
[White "Dembo,Y"]
[Black "Kiseleva,N"]
[Result "1-0"]
[WhiteElo "2395"]
[BlackElo "2286"]

1.e4 e6 2.d4 d5 3.Nd2 a6 4.Ngf3 c5 5.dxc5 Bxc5 6.Bd3 Nf6 7.O-O Nc6 8.Qe2 Qc7
9.c3 Be7 10.Re1 O-O 11.e5 Nd7 12.Nb3 f6 13.exf6 Nxf6 14.Nbd4 Nxd4 15.cxd4 Ng4
16.h3 Nf6 17.Bd2 Qb6 18.Bc3 Bd7 19.Ne5 Be8 20.Qe3 Nh5 21.g3 Bd6 22.Rf1 Nf6
23.Bc2 Rc8 24.Rac1 Bb5 25.Rfe1 Ne4 26.a4 Nxc3 27.bxc3 Be8 28.Nf3 Be7 29.Kg2 Bf7
30.Ne5 Be8 31.Qd3 g6 32.Ng4 Bd7 33.Qe3 Qd8 34.h4 Bd6 35.h5 g5 36.Bd3 b5 37.axb5 axb5
38.h6 Kh8 39.Rh1 Qe7 40.Qe2 Qf7 41.Rc2 Rb8 42.Ra2 Ra8 43.Rxa8 Rxa8 44.Ne5 Qe7
45.Nxd7 Qxd7 46.Bxb5 Qf7 47.Bd3 Rf8 48.Ra1 g4 49.Ra6 Qf3+ 50.Kg1 Qxe2 51.Bxe2 Rd8
52.Bxg4 e5 53.Bf5 exd4 54.cxd4 Bb8 55.Kf1  1-0

[Event "Acropolis GM Open"]
[Site "Athens GRE"]
[Date "2005.03.12"]
[Round "7"]
[White "Koukoufikis,G"]
[Black "Dorfanis,I"]
[Result "1/2-1/2"]
[WhiteElo "2144"]
[BlackElo "2195"]

1.e4 e6 2.d4 d5 3.Nd2 Be7 4.exd5 exd5 5.Bd3 Nf6 6.Ngf3 Bg4 7.O-O O-O 8.Re1 Re8
9.Nf1 Bd6 10.Bg5 Rxe1 11.Qxe1 Bxf3 12.gxf3 Nbd7 13.Ne3 h6 14.Bh4 c6 15.c3 Bf4
16.Qf1 Bg5 17.Bxg5 hxg5 18.Qh3 Nf8 19.Kf1 Qd6 20.Nf5 Qc7 21.Qg3 Ne6 22.Re1 Ne8
23.Qh3 Nf6 24.Qg3 Qxg3 25.hxg3 Re8 26.Nd6 Re7 27.Nf5 Rd7 28.Kg2 g6 29.Ne3 Kg7
30.Ng4 Nxg4 31.fxg4 Re7 32.Re5 Kf6 33.Re2 Nc7 34.Rxe7 Kxe7 35.f4 Kf6 36.Kf3 Ne8
37.b4 Nd6 38.Ke3 b5 39.Kf3 Nc8 40.Bc2 Nb6 41.Bb3 a6 42.Ke3 Nc8 43.Bc2 Nd6
44.Bd3  1/2-1/2

[Event "Bundesliga 2004-5"]
[Site "Stuttgart GER"]
[Date "2005.03.12"]
[Round "12"]
[White "Hansen,SuB"]
[Black "Schmittdiel,E"]
[Result "1-0"]
[WhiteElo "2553"]
[BlackElo "2454"]

1.e4 e6 2.d4 d5 3.Nd2 a6 4.Ngf3 Nf6 5.e5 Nfd7 6.Bd3 c5 7.c3 Nc6 8.Bc2 cxd4
9.cxd4 a5 10.O-O Be7 11.Nb1 b5 12.Nc3 Ba6 13.Re1 h5 14.a4 b4 15.Nb5 Bxb5
16.axb5 Na7 17.Bd3 Qb6 18.Qa4 Bd8 19.Be3 Qb8 20.Nd2 O-O 21.Qd1 g6 22.Bh6 Re8
23.Re3 Nf8 24.Rg3 h4 25.Rg4 Nxb5 26.Qa4 Nc7 27.Nf3 Qc8 28.Qc2 Qd7 29.Bxf8 Kxf8
30.Bxg6 Na6 31.Rf4 Re7 32.Ng5 Rc8 33.Qd2  1-0

[Event "FSIMB March"]
[Site "Budapest HUN"]
[Date "2005.03.15"]
[Round "11"]
[White "Lengyel,B"]
[Black "Fodor,T jr"]
[Result "1-0"]
[WhiteElo "2313"]
[BlackElo "2226"]

1.e4 e6 2.d4 d5 3.Nd2 Be7 4.Ngf3 Nf6 5.Bd3 c5 6.e5 Nfd7 7.c3 Nc6 8.O-O a6
9.a4 g5 10.dxc5 Ncxe5 11.Bc2 Ng6 12.Nb3 O-O 13.Nfd4 Nxc5 14.Nxc5 Bxc5 15.Qh5 Qc7
16.Nb3 Be7 17.Bxg5 Bxg5 18.Qxg5 e5 19.f4 f6 20.Qg3 Qg7 21.fxe5 fxe5 22.Bxg6 Rxf1+
23.Rxf1 hxg6 24.Re1 e4 25.Qd6 Qf7 26.Qd8+ Qf8 27.Qxd5+ Qf7 28.Qxf7+ Kxf7
29.Rxe4 Bf5 30.Rb4  1-0

[Event "ch-Privolzhsky Region"]
[Site "Ishevsk RUS"]
[Date "2005.03.17"]
[Round "2"]
[White "Yandemirov,V"]
[Black "Belenov,D"]
[Result "1/2-1/2"]
[WhiteElo "2481"]
[BlackElo "2364"]

1.e4 e6 2.d4 d5 3.Nd2 Be7 4.Ngf3 Nf6 5.Bd3 c5 6.dxc5 dxe4 7.Nxe4 Nxe4 8.Bxe4 Qxd1+
9.Kxd1 Bxc5 10.Ke2 Nd7 11.Be3 Bxe3 12.Kxe3 Nf6 13.Rhd1 Ke7 14.Ne5 Nxe4 15.Kxe4 f6
16.Nd3 Bd7 17.Ke3 Rac8 18.Rd2 Bb5 19.a4 Bxd3 20.Kxd3 Rc5 21.Ke2 Rhc8 22.Kd1 Rh5
23.h3 Rg5 24.f3 Rd8 25.Rxd8 Kxd8 26.g4 Rd5+ 27.Ke2 Re5+ 28.Kd2 Rd5+ 29.Ke2 Re5+  1/2-1/2

[Event "ch-Privolzhsky Region"]
[Site "Ishevsk RUS"]
[Date "2005.03.19"]
[Round "4"]
[White "Gubajdullin,A"]
[Black "Nesterov,Alex"]
[Result "1-0"]
[WhiteElo "2342"]
[BlackElo "2392"]

1.e4 e6 2.d4 d5 3.Nd2 Be7 4.Ngf3 Nf6 5.Bd3 c5 6.e5 Nfd7 7.c3 Nc6 8.O-O g5
9.h3 h5 10.g4 hxg4 11.hxg4 c4 12.Bc2 b5 13.Re1 Nb6 14.Nf1 Kd7 15.Qd2 Rg8
16.Ng3 Kc7 17.Kg2 Nd7 18.Nh5 f6 19.exf6 Nxf6 20.Nxf6 Bxf6 21.a4 bxa4 22.Bxa4 Ne7
23.Bc2 Qf8 24.Qe3 a5 25.Rh1 Ra6 26.Rh7 Bd7 27.Ne5 Be8 28.Qg3 Kc8 29.Bd2 Rg7
30.Rah1 Rxh7 31.Rxh7 Rb6 32.Bc1 Qg8 33.Qh2 Rb7 34.Qh6 Bxe5 35.dxe5 Ng6 36.Rxb7 Kxb7
37.Qxg5 Qh7 38.Kg1 Qe7 39.Qf6 Bf7 40.Be3 Qe8 41.Qg7 Kc8 42.Kh2 Nh4 43.Kg3 Ng6
44.Bc5 Kb8 45.Bxg6 Bxg6 46.Qa7+ Kc8 47.Qa6+ Kd7 48.Qb6 Kc8 49.Bd6  1-0

[Event "US Amateur Team East"]
[Site "Parsippany USA"]
[Date "2005.03.19"]
[Round "1"]
[White "Radomskyj,P"]
[Black "Figler,I"]
[Result "1/2-1/2"]
[WhiteElo "2202"]
[BlackElo "2354"]

1.d4 e6 2.e4 d5 3.Nd2 Be7 4.e5 c5 5.c3 Nc6 6.Ndf3 Qb6 7.Nh3 cxd4 8.Bd3 Bd7
9.O-O dxc3 10.bxc3 Qc7 11.Re1 h6 12.Nd4 Nxe5 13.Bf4 Bd6 14.Bb5 Nc4 15.Nxe6 fxe6
16.Rxe6+ Kf7 17.Bxd7 Qxd7 18.Qh5+ Kxe6 19.Re1+ Kf6 20.Qxd5 Re8 21.Qd4+ Kg6
22.Qd3+ Qf5 23.Qxf5+ Kxf5 24.Rxe8 g5 25.Bxd6 Nxd6 26.Rf8+ Ke6 27.f4 Ne4 28.Re8+ Kd5
29.Re5+ Kd6 30.Rxe4 g4 31.Nf2 Nf6 32.Rd4+ Ke6 33.Ne4 Nxe4 34.Rxe4+ Kf5 35.Rb4 b6
36.Kf2 Re8 37.c4 Rd8 38.Ke2 Re8+ 39.Kf2 Rd8 40.Ke2  1/2-1/2

[Event "TCh-BEL 2004-5"]
[Site "Belgium BEL"]
[Date "2005.03.20"]
[Round "11"]
[White "Sprenger,J"]
[Black "Claesen,P"]
[Result "1/2-1/2"]
[WhiteElo "2491"]
[BlackElo "2388"]

1.e4 e6 2.d4 d5 3.Nd2 Be7 4.c3 dxe4 5.Nxe4 Nd7 6.Nf3 Ngf6 7.Nxf6+ Nxf6 8.Bd3 O-O
9.Qe2 c5 10.dxc5 Bxc5 11.Bg5 Be7 12.O-O-O Qc7 13.Kb1 Rd8 14.Ne5 h6 15.Bh4 Bd7
16.Rhe1 a6 17.f4 Ba4 18.Rd2 Bb5 19.Bxb5 Rxd2 20.Qxd2 axb5 21.Bxf6 Bxf6 22.Qd3 Qa5
23.a3 Rd8 24.Qc2 Rd5 25.Ng4 Qd8 26.Ne3 Rd2 27.Rd1 Rxd1+ 28.Qxd1 Qb6 29.Qf3 Kf8
30.Kc2 Be7 31.Kd3 Qa6  1/2-1/2

[Event "US Amateur Team East"]
[Site "Parsippany USA"]
[Date "2005.03.21"]
[Round "5"]
[White "Radomskyj,P"]
[Black "Critelli,J"]
[Result "1-0"]
[WhiteElo "2202"]
[BlackElo "2318"]

1.d4 e6 2.e4 d5 3.Nd2 a6 4.e5 c5 5.c3 Nc6 6.Ndf3 cxd4 7.cxd4 Bb4+ 8.Bd2 Qb6
9.a3 Bxd2+ 10.Qxd2 Bd7 11.Nh3 Nge7 12.Be2 O-O 13.O-O Na5 14.Qg5 Ng6 15.b4 Nb3
16.Rad1 a5 17.Qe3 a4 18.Qg5 Bb5 19.Bxb5 Qxb5 20.Nf4 Nxf4 21.Qxf4 Rac8 22.h4 h6
23.h5 Rc4 24.g4 Qd7 25.g5 Kh7 26.Kh2 Qe7 27.Rg1 Rc2 28.Rg2 hxg5 29.Nxg5+ Kh8
30.Rdg1 Re2 31.Qg4 Rc2 32.Nh7 f5 33.Qxg7+ Qxg7 34.Rxg7 Rxf2+ 35.Kh1 Rf4 36.R1g5 Rg8
37.Rxg8+ Kxh7 38.R5g7+ Kh6 39.Rxb7 Rxd4 40.Rg6+ Kxh5 41.Rg2 Rg4 42.b5 Na5
43.Re7 Nc4 44.Rh2+ Kg5 45.Rxe6 Nxa3 46.Rb2 Nc4 47.Ra2 Rh4+ 48.Kg1 Rg4+ 49.Rg2 Rxg2+
50.Kxg2 a3 51.Ra6 Nxe5 52.Rxa3 Nc4 53.Ra6 d4 54.b6 d3 55.b7 d2 56.Ra1  1-0

[Event "ch-EU"]
[Site "Cork IRL"]
[Date "2005.03.22"]
[Round "1"]
[White "Eisenbeiser,K"]
[Black "Bartel,Mat"]
[Result "0-1"]
[WhiteElo "2064"]
[BlackElo "2482"]

1.e4 e6 2.d4 d5 3.Nd2 Be7 4.Bd3 c5 5.dxc5 Nd7 6.b4 a5 7.a3 axb4 8.exd5 Bf6
9.Ra2 Nxc5 10.Bb5+ Bd7 11.Bxd7+ Qxd7 12.dxe6 Qxe6+ 13.Qe2 Ne7 14.Qxe6 fxe6
15.Ne2 O-O 16.O-O Nd5 17.Nb1 Rfc8 18.Bb2 Ne4 19.Bxf6 gxf6 20.h3 Ra6 21.Rd1 b5
22.Rd3 bxa3 23.Raxa3 Rxa3 24.Nxa3 b4 25.Nb5 Rxc2 26.Nbd4 Ra2 27.Nc1 Ra1 28.Nb3 Rb1
29.f3 Nc5  0-1

[Event "Norwegian Open"]
[Site "Oslo NOR"]
[Date "2005.03.23"]
[Round "5"]
[White "Byklum,B"]
[Black "Richards,H"]
[Result "1-0"]
[WhiteElo "2224"]
[BlackElo "2205"]

1.e4 e6 2.d4 d5 3.Nd2 Be7 4.Ngf3 Nf6 5.Bd3 c5 6.e5 Nfd7 7.c3 Nc6 8.O-O g5
9.dxc5 Ndxe5 10.Bb5 Bd7 11.Nb3 h5 12.Nfd4 Ng6 13.Re1 e5 14.Nf3 e4 15.Nfd4 g4
16.c4 Nxd4 17.Bxd7+ Qxd7 18.Qxd4 O-O-O 19.Bd2 f5 20.Ba5 dxc4 21.Bxd8 Rxd8
22.Qxc4 Ne5 23.c6 bxc6 24.Qa6+ Kb8 25.Na5 Bc5 26.Rad1 Nd3 27.Rxd3 exd3 28.Nxc6+ Kc7
29.Nxd8 Qxd8 30.Qa5+ Bb6 31.Qc3+ Kb7 32.Rd1 f4 33.Qxd3 Qf6 34.Qd5+ Kb8 35.Qd6+ Qxd6
36.Rxd6 g3 37.hxg3 fxg3 38.Rxb6+  1-0

[Event "ch-EU"]
[Site "Cork IRL"]
[Date "2005.03.24"]
[Round "3"]
[White "Rivero Ojeda,C"]
[Black "Bartel,Mat"]
[Result "0-1"]
[WhiteElo "2259"]
[BlackElo "2482"]

1.e4 e6 2.d4 d5 3.Nd2 Be7 4.e5 Nh6 5.Bd3 c5 6.c3 Nc6 7.Ndf3 cxd4 8.cxd4 f6
9.Bxh6 gxh6 10.Ne2 Qa5+ 11.Kf1 Bd7 12.a3 O-O-O 13.b4 Qb6 14.b5 Na5 15.Nc3 Nc4
16.a4 Na5 17.Ne2 Kb8 18.h4 Be8 19.h5 Rf8 20.Rh3 fxe5 21.dxe5 Bc5 22.Qe1 Nc4
23.a5 Qxb5 24.Ned4 Qd7 25.Nb3 Qe7 26.Ra2 Bb5 27.Kg1 Rf4 28.Rg3 a6 29.Nxc5 Qxc5
30.Bxh7 d4 31.Bd3 Rxf3 32.gxf3 Nxe5 33.Bxb5 Qxb5 34.f4 Nc4 35.Qe2 d3 36.Qd1 d2
37.Rc2 Ka7  0-1

[Event "Open"]
[Site "Coventry ENG"]
[Date "2005.03.24"]
[Round "1"]
[White "Tippleston,C"]
[Black "Kiriakov,P"]
[Result "0-1"]
[WhiteElo "2200"]
[BlackElo "2564"]

1.e4 e6 2.d4 d5 3.Nd2 a6 4.Ngf3 c5 5.exd5 exd5 6.dxc5 Bxc5 7.Nb3 Bb6 8.Be2 Nf6
9.O-O O-O 10.Nfd4 Re8 11.Re1 Nc6 12.c3 Qd6 13.Bg5 Ne4 14.Bh4 f5 15.f3 Bc7
16.g3 g5 17.fxe4 gxh4 18.exd5 Nxd4 19.Nxd4 hxg3 20.Bf3 Bd7 21.Qd2 Kh8 22.Bg2 f4
23.Rxe8+ Rxe8 24.Re1 Rg8 25.Ne6 Bb6+ 26.Kh1 Re8 27.Re2 Bxe6 28.dxe6 Qxd2
29.Rxd2 Rxe6 30.Bxb7 Rh6 31.b4 Be3 32.Re2 Kg7 33.c4 Kf6 34.c5 Ke7 35.Bf3 Kd8
36.a4 a5 37.bxa5 Bxc5 38.Rc2 Bf2 39.Kg2 Rxh2+ 40.Kf1 Rh6 41.Rc6 Rg6 42.Rxg6 hxg6
43.Kg2 Ke7 44.Bg4 Kf6 45.Bd7 Kg5 46.Be8 Kg4 47.Bd7+ Kh4 48.Kf3 Ba7 49.a6 g5
50.Bc6 Kh3  0-1